000 01990cam a2200409 i 4500
999 _c109799
_d109799
003 BJBSDDR
005 20230411085939.0
007 ta
008 130401s2013 nyuaf b 001 0deng
020 _a9780062065841 (hardcover)
035 _a17680371
040 _aDLC
_beng
_cDLC
041 _aEng
042 _apcc
043 _an-us---
050 1 4 _a002 E 842
_bD146c 2013
082 0 0 _a973.922092
_223
100 1 _aDallek, Robert,
_d1934-
245 1 0 _aCamelot's court :
_binside the Kennedy White House /
_cRobert Dallek.
250 _aFirst edition.
264 1 _aNew York, NY :
_bHarperCollins Publishers,
_c[2013]
300 _axii, 492 pages, 8 unnumbered pages of plates :
_billustrations ;
_c24 cm
504 _aIncludes bibliographical references (pages 459-463) and index.
505 0 _aJohn F. Kennedy: prelude to a presidency -- Robert F. Kennedy: adviser-in-chief -- "A ministry of talent" -- "Never rely on the experts -- "Roughest thing in my life" -- Advice and dissent -- "The greatest adventure of our century" -- If we listen to them, none of us will be alive -- "Mankind must put an end to war" -- "The two of you did visit the same country, didn't you?" -- Epilogue: "What he is slated to become depends on us".
600 1 0 _aKennedy, John F.
_q(John Fitzgerald),
_d1917-1963.
600 1 0 _aKennedy, John F.
_q(John Fitzgerald),
_d1917-1963
_xFriends and associates.
600 1 4 _aKennedy, John F.
_q(John Fitzgerald),
_d1917-1963
_xAmigos y asociados
650 0 _aCabinet officers
_zUnited States
_xHistory
_y20th century.
650 0 _aPolitical consultants
_zUnited States
_xHistory
_y20th century.
650 0 _aPolitical leadership
_zUnited States
_xHistory
_y20th century.
650 4 _aConsultores polĂ­ticos
_zEstados Unidos
_97121
650 0 _aLiderazgo politico
_93209
651 0 _aUnited States
_xPolitics and government
_y1961-1963.
651 4 _aEstados Unidos
_xPolĂ­tica y gobierno
_y1961-1963
_92202
942 _2lcc
_cBK
946 _advf